Central Library OPAC University of Rajshahi

Materials and processes / (Record no. 75217)

MARC details
000 -LEADER
fixed length control field 01080nam a2200313 a 4500
001 - CONTROL NUMBER
control field 75217
003 - CONTROL NUMBER IDENTIFIER
rucl marc code BD-RjUL
005 - DATE AND TIME OF LATEST TRANSACTION
control field 20211209082648.0
008 - FIXED-LENGTH DATA ELEMENTS--GENERAL INFORMATION
fixed length control field 190202r19481944nyua b 000 0 eng
035 ## - SYSTEM CONTROL NUMBER
System control number OCLC ocm00663884 from D971002M
System control number (BD-RjUL)75435
040 ## - CATALOGING SOURCE
Original cataloging agency DLC
Transcribing agency BGU
Modifying agency SER
-- EQO
-- BD-RjUL
Language of cataloging eng
041 ## - LANGUAGE CODE
Language code of text/sound track or separate title eng
082 ## - DEWEY DECIMAL CLASSIFICATION NUMBER
Edition number 23
Classification number 620.16
Author mark and year YOM 1948
100 1# - MAIN ENTRY--PERSONAL NAME
Personal name Young, James Frederick,
Dates associated with a name 1917-
9 (RLIN) 227612
245 10 - TITLE STATEMENT
Title Materials and processes /
Statement of responsibility, etc. edited by James F. Young .
260 ## - PUBLICATION, DISTRIBUTION, ETC. (IMPRINT)
Place of publication, distribution, etc. New York ;
-- London :
Name of publisher, distributor, etc. J. Wiley & Sons, inc. ;
-- Chapman & Hall, limited,
Date of publication, distribution, etc. 1944 [printing 1948]
300 ## - PHYSICAL DESCRIPTION
Pagination vii, 628 p. :
Illustrations illus., diagrs.
Size 22 cm.
490 1# - SERIES STATEMENT
Series statement General Electric series
500 ## - GENERAL NOTE
General note "One of a series written in the interest of the General electric advanced engineering program."
504 ## - BIBLIOGRAPHY, ETC. NOTE
Bibliography, etc Includes bibliographical references.
650 #0 - SUBJECT ADDED ENTRY--TOPICAL TERM
Topical term or geographic name as entry element Metals.
9 (RLIN) 227613
Topical term or geographic name as entry element Plastics.
9 (RLIN) 227614
Topical term or geographic name as entry element Metal-work.
9 (RLIN) 227615
830 #0 - SERIES ADDED ENTRY--UNIFORM TITLE
Uniform title General Electric series
942 ## - ADDED ENTRY ELEMENTS (KOHA)
Source of classification or shelving scheme Dewey Decimal Classification
Koha item type Books
Holdings
Lost status Source of classification or shelving scheme Damaged status Not for loan Collection code Permanent Location Current Location Shelving location Date acquired Source of acquisition Total Checkouts Full call number Date last seen Copy number Koha item type
  Dewey Decimal Classification   Not For Loan Non-fiction Central Library, University of Rajshahi Central Library, University of Rajshahi Reading Room 24/02/1958 U.S.I.S, Dacca   620.16 YOM 1948 02/02/2019 C-1 Books